Central Library OPAC University of Rajshahi

WordPerfece : (Record no. 61122)

MARC details
000 -LEADER
fixed length control field 00799nam a2200265 a 4500
001 - CONTROL NUMBER
control field 61122
003 - CONTROL NUMBER IDENTIFIER
rucl marc code BD-RjUL
005 - DATE AND TIME OF LATEST TRANSACTION
control field 20211209080926.0
008 - FIXED-LENGTH DATA ELEMENTS--GENERAL INFORMATION
fixed length control field 170115s cau||||| |||| 001 0 eng d
020 ## - INTERNATIONAL STANDARD BOOK NUMBER
International Standard Book Number 0078813123
035 ## - SYSTEM CONTROL NUMBER
System control number (BD-RjUL)61246
040 ## - CATALOGING SOURCE
Original cataloging agency BD-RjUL
Language of cataloging eng
Transcribing agency BD-RjUL
Modifying agency BD-RjUL
041 ## - LANGUAGE CODE
Language code of text/sound track or separate title eng
082 ## - DEWEY DECIMAL CLASSIFICATION NUMBER
Edition number 23
Classification number 00.3
Author mark and year ACW 1988
100 1# - MAIN ENTRY--PERSONAL NAME
Personal name Acerson, Karen L
9 (RLIN) 182398
245 ## - TITLE STATEMENT
Title WordPerfece :
Remainder of title the complete reference /
Statement of responsibility, etc. Karen L Acerson
260 ## - PUBLICATION, DISTRIBUTION, ETC. (IMPRINT)
Place of publication, distribution, etc. Berkeley, Calif. :
Name of publisher, distributor, etc. McGraw-Hill,
Date of publication, distribution, etc. c1988
300 ## - PHYSICAL DESCRIPTION
Pagination XIX, 1091 p. :
Illustrations ill. ;
Size 25 cm.
490 ## - SERIES STATEMENT
Series statement Complete reference series.
500 ## - GENERAL NOTE
General note Includes index
650 ## - SUBJECT ADDED ENTRY--TOPICAL TERM
Topical term or geographic name as entry element Word processing
9 (RLIN) 182181
Topical term or geographic name as entry element WordPerfect (Computer file).
9 (RLIN) 182399
830 ## - SERIES ADDED ENTRY--UNIFORM TITLE
Uniform title Complete reference series.
942 ## - ADDED ENTRY ELEMENTS (KOHA)
Source of classification or shelving scheme Dewey Decimal Classification
Koha item type Books
Holdings
Lost status Source of classification or shelving scheme Damaged status Not for loan Collection code Permanent Location Current Location Shelving location Date acquired Source of acquisition Total Checkouts Full call number Date last seen Copy number Koha item type
  Dewey Decimal Classification   Not For Loan Non-fiction Central Library, University of Rajshahi Central Library, University of Rajshahi Reading Room 29/05/1991 Asia foundation   005.3 ACW 1988 15/01/2017 C-1 Books